000 00350nam a2200133Ia 4500
008 100328s9999 xx 000 0 und d
082 _b72339
100 _aजोशी श्रीकृष्ण स.
245 _aत्रिदल
260 _bसकाळ.
630 _aत्रिदल
730 _aत्रिदल
942 _cBOOK
999 _c558061
_d558058